000 00338nam a2200157Ia 4500
100 _aKogent Learning solutions
650 _aInternet
942 _cBK
366 _f20
245 _aInternet technologies
260 _bDreamtech Press
_c2013
082 _a4.65
_bKOG
300 _a172
546 _aENGLISH
_celectronics
999 _c28163
_d28163